| 000 | 01108nam a2200325 i 4500 | ||
|---|---|---|---|
| 001 | 8330 | ||
| 003 | KOSZ 005 | ||
| 005 | 20201106120627.0 | ||
| 008 | 081006s1960 pl a f 001 0 pol | ||
| 015 | _aPB 1960/7800 | ||
| 040 |
_aWA N _cKOSZ 005/RW _dKOSZ 005/RW _dKOSZ 005/HR |
||
| 041 | 1 |
_apol _heng |
|
| 046 | _k1960 | ||
| 080 | _a544.016 | ||
| 100 | 1 |
_aLingane, James J. _d(1909- ). _eAutor. |
|
| 245 | 1 | 0 |
_aElektroanaliza chemiczna / _cJames J. Lingane ; [przeł. z ang. Adam Hulanicki]. |
| 246 | 1 |
_iTyt. oryg.: _aElectroanalytical chemistry. |
|
| 260 |
_aWarszawa : _bPaństwowe Wydawnictwo Naukowe, _c1960. |
||
| 300 |
_a606, [1] s. : _bil. ; _c25 cm. |
||
| 380 | _aKsiążki. | ||
| 388 | _a1901- | ||
| 504 | _aBibliogr. s. 17-[19]. Indeks. | ||
| 658 | _aChemia | ||
| 650 | 4 | _aElektrochemia | |
| 650 | 4 | _aChemia fizyczna | |
| 710 | 2 |
_aPaństwowe Wydawnictwo Naukowe _4pbl. |
|
| 700 | 1 |
_aHulanicki, Adam _d(1929-2019) _eTłumaczenie |
|
| 856 |
_uhttp://koha.tu.koszalin.pl/cgi-bin/koha/opac-detail.pl?biblionumber=8330 _yKatalog online BPK |
||
| 942 |
_2UKD _cKS |
||
| 999 |
_c8330 _d8330 |
||